| 000 | 00619nam a2200229Ia 4500 | ||
|---|---|---|---|
| 008 | 180523s9999 xx 000 0 und d | ||
| 020 | _a0-07-121455-0 | ||
| 050 | _aMAIN HF 5415 | ||
| 050 | _b.E89 2004 c.1 | ||
| 100 | _aEtzel, Michael J. | ||
| 245 | 0 | _aMarketing / | |
| 245 | 0 | _cMichael J. Etzel, Bruce J. Walker, William J. Stanton. | |
| 250 | _a13th Edition | ||
| 260 | _aNew York : | ||
| 260 | _bMcGraw-Hill, | ||
| 260 | _c2004 | ||
| 300 | _aI20 pages : | ||
| 300 | _bcolored illustrations ; | ||
| 300 | _c28 cm. | ||
| 500 | _aIncludes bibliographical references and index. | ||
| 650 | _aMarketing. | ||
| 999 |
_c357040 _d357040 |
||